000 00595nam a2200217Ii 4500
001 9427
003 CO-ViMGA
008 241108s9999||||xx |||||||||||||| ||und||
020 _a8475251552
040 _aCO-ViMGA
_bspa
_erda
_cCO-ViMGA
041 0 _aspa
084 _aN PER3m
100 1 _aBenito Pérez Galdós
_945157
245 1 0 _aMisericordia
264 1 _aMadrid, España : Generales Anaya, 1984
300 _avolumen
336 _atext
_btxt
_2rdacontent
337 _aunmediated
_bn
_2rdamedia
338 _avolume
_bnc
_2rdacarrier
940 _aidficha_siabuc: 9217. -- ficha_no_siabuc:9427
999 _c39649
_d39649